Inovácie 7. Rámcového programu
Zhodnotenie efektívnosti inovatívneho programovania v programovacom období 2007-2013, vrátane reformy štrukturálnych fondov, pre konečných príjemcov štrukturálnej pomoci. Práca využíva ako hlavné vedecké metódy ekonomickú analýzu a komparáciu.
Gespeichert in:
| 1. Verfasser: | |
|---|---|
| Format: | Buchkapitel |
| Sprache: | Slowakisch |
| Schlagworte: | |
| Tags: |
Keine Tags, Fügen Sie das erste Tag hinzu!
|
MARC
| LEADER | 00000nla$a2200000$$$4500 | ||
|---|---|---|---|
| 001 | 0099022 | ||
| 005 | 20240502083245.0 | ||
| 041 | 0 | |a slo | |
| 044 | |a CZ | ||
| 245 | 1 | 0 | |a Inovácie 7. Rámcového programu |c Lenka Pelegrínová |
| 520 | |a Zhodnotenie efektívnosti inovatívneho programovania v programovacom období 2007-2013, vrátane reformy štrukturálnych fondov, pre konečných príjemcov štrukturálnej pomoci. Práca využíva ako hlavné vedecké metódy ekonomickú analýzu a komparáciu. | ||
| 610 | 2 | 0 | |a programy vládne |
| 610 | 2 | 0 | |a Európska únia |
| 610 | 2 | 0 | |a rozpočty |
| 610 | 2 | 0 | |a fondy štruktúrne |
| 610 | 2 | 0 | |a politika regionálna |
| 610 | 2 | 0 | |a 2007-2013 |
| 100 | 1 | |a Pelegrinová, Lenka, 1983- | |